| 000 | 01124nam0a22003131 4500 | ||
|---|---|---|---|
| 001 | RU\NLR\INFOCOMM10\ROSSICA\1000016653 | ||
| 005 | 20260407071319.0 | ||
| 035 | _a(NLR Aleph) 009878988 | ||
| 090 |
_a10462028 _c10462028 |
||
| 100 | _a20030818d1930 |||y0rusy50 ca | ||
| 101 | 1 |
_apol _crus |
|
| 102 |
_aRU _aUA _aBY |
||
| 105 | _ay ||||000ay | ||
| 200 | 1 |
_aSpotęgujmy samorzutność mas! _fKalinin, M.I.i N.Krupska _gPrzekl.z rosyiskiego M.Bertynskiej |
|
| 210 |
_aMoskwa _aCharkow _aMinsk _d1930 |
||
| 215 | _d8° | ||
| 300 | _aStowarzyszenie "Precz z niepiśmiennością!" | ||
| 488 | 0 |
_12001#$aPrecz z niepiśmiennością! _tPrecz z niepiśmiennością! |
|
| 700 | 1 |
_4070 _7ba _8rus _aKalinin _bM. I. _cгос. и парт. деятель _f1875-1946 _gMichail Ivanovič _3RU\NLR\AUTH\770278270 _92650237 |
|
| 701 | 1 |
_9z01790 _aKrupskaja _bN.K. _f1869-1939 _gNadežda Konstantinovna _4070 |
|
| 702 | 1 |
_aBertynska _bM. _4730 |
|
| 790 | 1 |
_9z01701 _aKrupska _bN. _4070 |
|
| 801 | 1 |
_aRU _bInfoComm _c20030818 |
|
| 801 | 0 |
_aRU _bNLR _gPSBO |
|
| 852 |
_aNLR _j26.21.9.42 |
||
| 942 | _cBOOK | ||
| 980 | _aNB | ||
| 980 | _aRossica | ||